Toni Braxton Discography - Statistics

General Stats
  • This quiz has been taken 8 times
  • The average score is 4 of 26
Answer Stats
Type Year Name % Correct
Album 1993 Toni Braxton
67%
Album 1996 Secrets
50%
Double Package 2011 Secrets / More Than a Woman
50%
Remix Album 2005 Un-Break My Heart: The Remix Collection
50%
Album 2005 Libra
33%
Album 2010 Pulse
33%
Album 2018 Sex & Cigarettes
33%
Album 2000 The Heat
33%
Collaborative Album 2014 Love, Marriage & Divorce
17%
Album 2002 More Than a Woman
17%
Holiday Album 2001 Snowflakes
17%
Compilation 2003 Ultimate Toni Braxton
17%
Compilation 2004 Artist Collection: Toni Braxton
0%
Group Holiday Album 2015 Braxton Family Christmas
0%
Compilation 2009 Breathe Again: The Best of Toni Braxton
0%
Compilation 2005 Breathe Again: Toni Braxton at Her Best
0%
Compilation EP 2010 Discover Beyond
0%
Compilation EP 2010 Discover Further
0%
Compilation EP 2010 Discover More
0%
Compilation EP 2007 Discover Toni Braxton
0%
Compilation 2010 Essential Mixes
0%
Compilation 2004 Platinum & Gold
0%
Compilation 2008 Playlist: The Very Best of Toni Braxton
0%
Compilation EP 2011 Soul Pack: Toni Braxton
0%
Box Set 2006 The Collection
0%
Compilation 2007 The Essential Toni Braxton
0%
No matching quizzes found
Score Distribution
Percent of People with Each Score
Percentile by Number Answered
Your Score History
You have not taken this quiz